000 00340nam a22001337a 4500
008 250708b |||||||| |||| 00| 0 eng d
020 _aNIL
050 _aHD6473
_b.A63
100 _aANANABA, Wogu
245 _aThe Trade Union Movement in Nigeria
260 _aNigeria
_bEthiope Publishing Company
_c1969
300 _axi, 328p.
942 _cBK
999 _c4176
_d4176